Statistics for Governors of Washington

Click here to take the quiz!

General Stats

  • This quiz has been taken 12 times
  • The average score is 11 of 34

Answer Stats

TenureGovernor% Correct
2013-Jay Inslee
90%
1853-1857Isaac Stevens
60%
1957-1965Albert Rosellini
50%
1941-1945,1949-1957Arthur Bernard Langlie
50%
1985-1993Booth Gardner
50%
2005-2013Christine Gregoire
50%
1965-1977Daniel J. Evans
50%
1977-1981Dixy Lee Ray
50%
1872-1880, 1889-1893Elisha Peyre Ferry
50%
1997-2005Gary Locke
50%
1981-1985John Spellman
50%
1919-1925Louis Folwell Hart
50%
1993-1997Mike Lowry
50%
1945-1949Monrad C. Wallgren
50%
1925-1933Roland H. Hartley
50%
1893-1897John McGraw
40%
1884-1887Watson Carvasso Squire
40%
1933-1941Clarence D. Martin
30%
1862-1867George E. Cole
20%
1857-1858LaFayette McMullen
20%
1867-1869Marshall F. Moore
20%
1889Miles Conway Moore
20%
1859-1861Richard D. Golson
20%
1861William H. Wallace
20%
1905-1909Albert Edward Mead
10%
1869-1870Alvan Flanders
10%
1870-1872Edward Selig Salomon
10%
1913-1919Ernest Lister
10%
1887-1889Eugene Semple
10%
1901-1905Henry McBride
10%
1897-1901John Rankin Rogers
10%
1909-1913Marion E. Hay
10%
1909Samuel G. Cosgrove
10%
1880-1884William Augustus Newell
10%

Score Distribution

Percentile by Number Answered

Percent of People with Each Score

Your Score History

You have not taken this quiz